| 000 | 00601nam a22001817a 4500 | ||
|---|---|---|---|
| 003 | CEME | ||
| 005 | 20210628203337.0 | ||
| 008 | 210121b xxu||||| |||| 00| 0 eng d | ||
| 020 | _a0-471-43405-1 | ||
| 040 | _cceme | ||
| 082 | _a384.0973 MAL | ||
| 100 |
_aMalik, Om _964860 |
||
| 245 | _aBroadbandits , inside the 750$ billion telecom heist | ||
| 260 |
_aNEW JERSEY _bJOHN WILEY _c2003 |
||
| 300 | _aXVII,334 P | ||
| 650 |
_aTELECOMMUNICATION CORRUPT- PRACTICES- UNITED STATES, CONSOLIDATION AND MERGER OF CORPORATIONS- UNITED STATES, BUSINESS FAILURES- UNITED STATES _964861 |
||
| 942 |
_cBK _2ddc |
||
| 999 |
_c573227 _d573227 |
||